| 000 | 00000nam 2200000zi 4500 |
| 001 | 9.927208 |
| 003 | CaOODSP |
| 005 | 20240402101936 |
| 006 | m o d f |
| 007 | cr mn||||||||| |
| 008 | 230913s1999 quca ob f000 0 eng d |
| 040 | |aCaOODSP|beng|erda|cCaOODSP |
| 043 | |an-cn-qu |
| 045 | |ax9x9 |
| 086 | 1 |aEn153-115/99-04E-PDF |
| 100 | 1 |aMainville, Serge, |eauthor. |
| 245 | 14|aThe derecho of 4-5 July 1999 in southern Quebec / |cby Serge Mainville, Environment Canada, Montreal WESO. |
| 264 | 1|a[Montreal] : |b[Environment Canada, Quebec Region], |c[1999] |
| 300 | |a1 online resource (27 pages) : |billustrations (some colour). |
| 336 | |atext|btxt|2rdacontent |
| 337 | |acomputer|bc|2rdamedia |
| 338 | |aonline resource|bcr|2rdacarrier |
| 490 | 1 |aTechnical note, Quebec Region ; |v99N-04 |
| 500 | |aIssued also in French under title: Étude d'un derecho sur le sud du Québec : 4 et 5 juillet 1999. |
| 504 | |aIncludes bibliographical references (page 20). |
| 650 | 0|aSevere storms|zQuébec (Province) |
| 650 | 0|aMeteorological services|zQuébec (Province) |
| 710 | 1 |aCanada. |bEnvironment Canada. |bQuebec Region, |eissuing body. |
| 775 | 08|tÉtude d'un derecho sur le sud du Québec : |w(CaOODSP)9.936188 |
| 830 | #0|aTechnical note, Quebec Region ;|v99N-04.|w(CaOODSP)9.915285 |
| 856 | 40|qPDF|s1.63 MB|uhttps://publications.gc.ca/collections/collection_2023/eccc/En153-115-99-04-eng.pdf |